東海道五十三次 - Statistics

General Stats
  • This quiz has been taken 662 times
  • The average score is 27 of 53
Answers on the Map
Answers color-coded by a green-red scale on the quiz's map according to % correct below.
 
Answer Stats
# 宿場 % Correct
1 品川しながわ宿
92%
9 小田原おだわら宿
92%
2 川崎かわさき宿
90%
10 箱根はこね宿
89%
12 沼津ぬまづ宿
87%
11 三島みしま宿
86%
29 浜松はままつ宿
86%
6 藤沢ふじさわ宿
84%
53 大津おおつ宿
84%
7 平塚ひらつか宿
83%
26 掛川かけがわ宿
83%
5 戸塚とつか宿
80%
38 岡崎おかざき宿
75%
43 四日市よっかいち宿
74%
52 草津くさつ宿
74%
8 大磯おおいそ宿
73%
42 桑名くわな宿
73%
3 神奈川かながわ宿
71%
4 保土ヶ谷ほどがや宿
67%
23 島田しまだ宿
67%
27 袋井ふくろい宿
60%
46 亀山かめやま宿
60%
22 藤枝ふじえだ宿
58%
16 由比ゆい宿
57%
15 蒲原かんばら宿
56%
24 金谷かなや宿
54%
17 興津おきつ宿
51%
13 はら宿
49%
14 吉原よしわら宿
48%
47 せき宿
48%
39 池鯉鮒ちりゅう宿
47%
31 新居あらい宿
41%
33 二川ふたがわ宿
41%
30 舞阪まいさか宿
36%
41 みや宿
36%
34 吉田よしだ宿
33%
37 藤川ふじかわ宿
31%
40 鳴海なるみ宿
25%
49 土山つちやま宿
25%
35 御油ごゆ宿
24%
36 赤坂あかさか宿
24%
50 水口みなくち宿
23%
19 府中ふちゅう宿
22%
21 岡部おかべ宿
20%
20 鞠子まりこ宿
19%
18 江尻えじり宿
17%
51 石部いしべ宿
16%
28 見付みつけ宿
15%
25 日坂にっさか宿
14%
32 白須賀しらすか宿
14%
44 石薬師いしやくし宿
14%
48 坂下さかした宿
10%
45 庄野しょうの宿
9%
No matching quizzes found
Score Distribution
Percent of People with Each Score
Percentile by Number Answered
Your Score History
You have not taken this quiz